Contemporary modes of spirituality in selected english fiction / (رقم التسجيلة. 20335)

تفاصيل مارك
000 -LEADER
fixed length control field 013470000a22003130004500
003 - CONTROL NUMBER IDENTIFIER
control field EG-GICUC
005 - DATE AND TIME OF LATEST TRANSACTION
control field 20250223025755.0
008 - FIXED-LENGTH DATA ELEMENTS--GENERAL INFORMATION
fixed length control field 060917s2006 ua f m 000 0 eng d
040 ## - CATALOGING SOURCE
Original cataloging agency EG-GICUC
Language of cataloging eng
Transcribing agency EG-GICUC
041 0# - LANGUAGE CODE
Language code of text/sound track or separate title eng
049 ## - LOCAL HOLDINGS (OCLC)
Holding library Deposite
097 ## - Thesis Degree
Thesis Level Ph.D
099 ## - LOCAL FREE-TEXT CALL NUMBER (OCLC)
Classification number Cai01.02.12.Ph.D.2006.Na.C
100 0# - MAIN ENTRY--PERSONAL NAME
Personal name Nashwa Hassan Alkasry
245 10 - TITLE STATEMENT
Title Contemporary modes of spirituality in selected english fiction /
Statement of responsibility, etc. Nashwa Hassan Alkasry ; Supervised Galila Ann Ragheb
246 15 - VARYING FORM OF TITLE
Title proper/short title مظاهر الروحانية فى مختارات من الرواية الانجليزية المعاصرة
260 ## - PUBLICATION, DISTRIBUTION, ETC.
Place of publication, distribution, etc. Cairo :
Name of publisher, distributor, etc. Nashwa Hassan Al - kasry ,
Date of publication, distribution, etc. 2006
300 ## - PHYSICAL DESCRIPTION
Extent 211 P. ;
Dimensions 25cm
502 ## - DISSERTATION NOTE
Dissertation note Thesis (Ph.D.) - Cairo University - Faculty of Arts - Department of English
520 ## - SUMMARY, ETC.
Summary, etc. A reciprocal linkage of fiction and philosophy helps the novelist to push off into new worlds of aesthetic imagination and to bring to his art a new intensity of emotion and a deep observation of the human experiencePhilosophical fiction once enjoyed becomes an obsession
530 ## - ADDITIONAL PHYSICAL FORM AVAILABLE NOTE
Additional physical form available note Issued also as CD
653 #4 - INDEX TERM--UNCONTROLLED
Uncontrolled term Contemporary
653 #4 - INDEX TERM--UNCONTROLLED
Uncontrolled term Spirtuality
700 0# - ADDED ENTRY--PERSONAL NAME
Personal name Galila Ann Ragheb ,
Relator term
856 ## - ELECTRONIC LOCATION AND ACCESS
Uniform Resource Identifier <a href="http://172.23.153.220/th.pdf">http://172.23.153.220/th.pdf</a>
905 ## - LOCAL DATA ELEMENT E, LDE (RLIN)
Cataloger Aml
Reviser Cataloger
905 ## - LOCAL DATA ELEMENT E, LDE (RLIN)
Cataloger Esam
Reviser Revisor
942 ## - ADDED ENTRY ELEMENTS (KOHA)
Source of classification or shelving scheme Dewey Decimal Classification
Koha item type Thesis
المقتنيات
Source of classification or shelving scheme Not for loan Home library Current library Date acquired Full call number Barcode Date last seen Koha item type Copy number
Dewey Decimal Classification   المكتبة المركزبة الجديدة - جامعة القاهرة قاعة الرسائل الجامعية - الدور الاول 11.02.2024 Cai01.02.12.Ph.D.2006.Na.C 01010110045792000 22.09.2023 Thesis  
Dewey Decimal Classification   المكتبة المركزبة الجديدة - جامعة القاهرة مخـــزن الرســائل الجـــامعية - البدروم 11.02.2024 Cai01.02.12.Ph.D.2006.Na.C 01020110045792000 22.09.2023 CD - Rom 45792.CD
Cairo University Libraries Portal Implemented & Customized by: Eng. M. Mohamady Contacts: new-lib@cl.cu.edu.eg | cnul@cl.cu.edu.eg
CUCL logo CNUL logo
© All rights reserved — Cairo University Libraries
CUCL logo
Implemented & Customized by: Eng. M. Mohamady Contact: new-lib@cl.cu.edu.eg © All rights reserved — New Central Library
CNUL logo
Implemented & Customized by: Eng. M. Mohamady Contact: cnul@cl.cu.edu.eg © All rights reserved — Cairo National University Library